000 00808cad a22002295 4500
001 L137114
008 110408s2011 xxk0 f 000 0 eng d
020 _a0907125506
_a9780907125525
022 1 _a0265-8739
035 _a(Sirsi) u137114
041 0 _aeng
050 0 4 _a690.029 $2 18
110 2 _aRoyal Institute of British Architects
_92527
245 0 0 _aRIBA product selector
_h[electronic resource]
260 _aLondon
_bRIBA Enterprises
_c2011
300 _a3
_fv.
_c27cm.
520 _aOnline information resource for building product information
_h[electronic resource]
651 4 _aUnited Kingdom
_y
690 _aBUILT ENVIRONMENT-BUILDING MATERIALS
856 4 1 _uhttps://www.ribaproductselector.com/
_zView the product selector free of charge at www.ribaproductselector.com
942 _n0
999 _c106645
_d106645